Statistics for Nations participating in the 2022 Winter Olympics

Click here to take the quiz!

General Stats

  • This quiz has been taken 21 times
  • The average score is 65 of 91

Answer Stats

ContinentAnswer% Correct
EuropeSpain
100%
South AmericaArgentina
94%
OceaniaAustralia
94%
EuropeAustria
94%
AsiaChina
94%
EuropeFinland
94%
EuropeGreat Britain
94%
EuropeGreece
94%
AsiaJapan
94%
OceaniaNew Zealand
94%
EuropeNorway
94%
EuropePoland
94%
North AmericaCanada
88%
EuropeEstonia
88%
EuropeFrance
88%
EuropeGermany
88%
EuropeItaly
88%
EuropeLatvia
88%
EuropeLithuania
88%
EuropePortugal
88%
AsiaSouth Korea
88%
EuropeSweden
88%
EuropeSwitzerland
88%
North AmericaUnited States of America
88%
South AmericaBrazil
82%
EuropeCroatia
82%
EuropeDenmark
82%
EuropeIceland
82%
AsiaIndia
82%
AsiaIran
82%
EuropeIreland
82%
AsiaKazakhstan
82%
EuropeNetherlands
82%
EuropeSerbia
82%
EuropeSlovakia
82%
EuropeSlovenia
82%
Asia/EuropeTurkey
82%
EuropeBelgium
76%
EuropeBulgaria
76%
South AmericaChile
76%
South AmericaColombia
76%
EuropeCzech Republic
76%
South AmericaEcuador
76%
North AmericaJamaica
76%
AsiaKyrgyzstan
76%
EuropeLuxembourg
76%
EuropeMalta
76%
North AmericaMexico
76%
South AmericaPeru
76%
EuropeSan Marino
76%
EuropeUkraine
76%
EuropeAlbania
71%
EuropeAndorra
71%
EuropeBelarus
71%
EuropeBosnia and Herzegovina
71%
Europe/AsiaCyprus
71%
EuropeHungary
71%
AsiaIsrael
71%
EuropeKosovo
71%
EuropeaMonaco
71%
AsiaMongolia
71%
AfricaMorocco
71%
EuropeNorth Macedonia
71%
EuropeRomania
71%
AsiaArmenia
65%
AsiaAzerbaijan
65%
AsiaGeorgia
65%
EuropeMontenegro
65%
AsiaUzbekistan
65%
South AmericaBolivia
59%
EuropeMoldova
59%
AfricaNigeria
59%
AsiaPakistan
59%
AsiaPhilippines
59%
AsiaLebanon
53%
AsiaMalaysia
53%
AsiaSaudi Arabia
53%
Oceania *American Samoa
47%
North AmericaHaiti
41%
Asia/EuropeRussian Olympic Committee
41%
AsiaThailand
41%
AsiaChinese Taipei
35%
AfricaGhana
35%
Asia *Hong Kong
35%
North AmericaTrinidad and Tobago
35%
AsiaTimor-Leste
29%
North America *US Virgin Islands
29%
North America *Puerto Rico
24%
EuropeLichtenstein
18%
AfricaMadagascar
18%
AfricaEritrea
12%

Score Distribution

Percentile by Number Answered

Percent of People with Each Score

Your Score History

You have not taken this quiz